Statistics for Hardest quiz ever. I mean it

Click here to take the quiz!

General Stats

  • This quiz has been taken 42 times
  • The average score is 4 of 5

Answer Stats

QuestionAnswer% Correct
Wich of the following rocks can be used for a countertop?Granite
89%
Which rock can be used for statues?Marble
81%
Wich of the following is the hardest?This quiz
78%
Is this quiz the hardest?Yes
70%
Which of the following is the most valuable?The random rock that you found and kicked as a child
46%

Score Distribution

Percentile by Number Answered

Percent of People with Each Score

Your Score History

You have not taken this quiz